书目信息 |
| 题名: |
藏传佛像艺术鉴赏
|
|
| 作者: | 黄春和 著 | |
| 分册: | ||
| 出版信息: | 北京 华文出版社 2004 |
|
| 页数: | 262页 | |
| 开本: | 20cm | |
| 丛书名: | ||
| 单 册: | ||
| 中图分类: | J19 | |
| 科图分类: | ||
| 主题词: | 宗教艺术--简介--鉴赏--中国--古代 | |
| 电子资源: | ||
| ISBN: | 7-5075-1561-3 | |
| 000 | 00814nam0 2200217 45 | |
| 001 | 002587705 | |
| 005 | 20041229084527.0 | |
| 010 | @a7-5075-1561-3@dCNY38.00 | |
| 100 | @a20040226d2004 em y0chiy0110 ea | |
| 101 | 0 | @achi |
| 102 | @aCN@b110000 | |
| 105 | @aa z 000yy | |
| 200 | 1 | @a藏传佛像艺术鉴赏@Azang chuan fo xiang yi shu jian shang@f黄春和著@FHuang Chun He Zhu |
| 210 | @a北京@c华文出版社@d2004 | |
| 215 | @a262页@c照片,彩照@d20cm | |
| 330 | @a本书作者在长期对藏传佛教造像艺术进行理论研究和实物观摩的基础上,论述了藏传佛教造像艺术从吐蕃王朝至清朝一千三百余年发展演变的全部历史与背景,并具体归纳和分析了不同时期和地域的藏传佛教造像风格与特征。 | |
| 606 | 0 | @a宗教艺术@x简介@x鉴赏@y中国@z古代 |
| 690 | @aJ19@v4 | |
| 701 | 0 | @a黄春和@4著 |
| 801 | 0 | @aCN@bNLC@c20040819 |
| 905 | @b341106-110@dJ19@e45@f5 | |
| 藏传佛像艺术鉴赏/黄春和著.-北京:华文出版社,2004 |
| 262页:照片,彩照;20cm |
| ISBN 7-5075-1561-3:CNY38.00 |
| 本书作者在长期对藏传佛教造像艺术进行理论研究和实物观摩的基础上,论述了藏传佛教造像艺术从吐蕃王朝至清朝一千三百余年发展演变的全部历史与背景,并具体归纳和分析了不同时期和地域的藏传佛教造像风格与特征。 |
| ● |
| 相关链接 |
|
|
|
|
正题名:藏传佛像艺术鉴赏
索取号:J19/45
 
预约/预借
| 序号 | 登录号 | 条形码 | 馆藏地/架位号 | 状态 | 备注 |
| 1 | 0341106 | 203411067 | 第一样本阅览室/ [索取号:J19/45] | 在馆 | |
| 2 | 0341107 | 203411076 | 第一借阅区/ [索取号:J19/45] | 在馆 | |
| 3 | 0341108 | 203411085 | 第一借阅区/ [索取号:J19/45] | 在馆 | |
| 4 | 0341109 | 203411094 | 第一借阅区/ [索取号:J19/45] | 在馆 | |
| 5 | 0341110 | 203411101 | 第一借阅区/ [索取号:J19/45] | 在馆 |